000 01072nam a2200277Ia 4500
001 Para_2845
003 CHAP
008 220125s1988 xx 000 0 und d
010 _a201360
040 _cCHAP
090 _aPA TESIS 470
100 _aMartínez García, Maricela
_972067
245 _aInfluencia de la húmedad del grado en la variación de la susceptibilidad de dos variedades de frijol, al ataque de Acanthoscelides obtectus (Say) (Coleóptera) :
_b Bruchidae /
_c por Maricela Martínez García
260 _aChapingo, Méx. :
_b El autor
300 _a46 p.
502 _aTesis (M.C. Esp. en Entomología) -- C.P. Centro de Entomología y Acarología
650 _aFrijol
_x Contenido de húmedad Acanthoscelides obtectus Frijol
_x Plagas
_9166267
710 _aColegio de Postgraduados. Chapingo, Méx. Centro de Entomología y Acarología
_925077
901 _aPA TESIS 470
902 _aA
905 _a0000001988 CHA 0000000000 00
910 _a1988
942 _cPARA
942 _cPARA
_d1
999 _c201360
_d201360